000 00766nam a2200253Ia 4500
003 OSt
005 20220923225022.0
006 a|||||r|||| 00| 0
007 ta
008 220922b |||||||| |||| 00| 0 hin d
024 _a255,298
037 _cTextual
040 _aARTS
_cARTS
_bhin
041 _2hin
_ahin
082 _aO152,2N12,TG, L7
100 _aविष्णु प्रभाकर
_9156271
245 0 _aटगर
246 _aṬagara
260 _aदिल्ली
_b अतुल - आलोक प्रकाशन
_c1977
300 _a74पृ.
_ccm.
650 _aहिन्दी कहानी
942 _hO152,2N12,TG, L7
_cTEXL
_2CC
999 _c375443
_d375443